[Event "Mittelrhein Regionalliga 18/19"]
[Site "Nordrheinwestfalen"]
[Date "2018.10.28"]
[Round "3.8"]
[White "Weinkauf, Viktor"]
[Black "Tonnicchi, Claudio"]
[Result "1-0"]
[WhiteElo "1886"]
[BlackElo "1992"]
[PlyCount "37"]
[EventDate "2018.10.28"]
[EventType "team-tourn"]
[EventRounds "11"]
[EventCountry "GER"]
[SourceTitle "EXT 2022"]
[Source "ChessBase"]
[SourceDate "2021.10.06"]
[SourceVersion "1"]
[SourceVersionDate "2021.10.06"]
[SourceQuality "1"]
[WhiteTeam "Aachen SV II"]
[BlackTeam "Bruehl"]
[WhiteTeamCountry "GER"]
[BlackTeamCountry "GER"]

1. d4 Nf6 2. c4 c5 3. Nf3 cxd4 4. Nxd4 e5 5. Nc2 d5 6. cxd5 Qxd5 7. Qxd5 Nxd5 8. e4 Nf6 9. Nc3 Be7 10. Nb5 Na6 11. f3 0-0 12. Be3 b6 13. Bc4 Bb7 14. 0-0-0 Nc5 15. Nd6 Ba6 16. Bxc5 Bxc4 17. Nxc4 Bxc5 18. Nxe5 Rfc8 19. Nd7 1-0

[Event "Mittelrhein-chT 1112"]
[Site "Germany"]
[Date "2012.03.18"]
[Round "10.7"]
[White "Tonnicchi, Claudio"]
[Black "Wahl, Frithjof"]
[Result "1/2-1/2"]
[WhiteElo "1994"]
[BlackElo "1882"]
[PlyCount "26"]
[EventDate "2011.09.11"]
[EventType "team-tourn"]
[EventRounds "13"]
[EventCountry "GER"]
[SourceTitle "EXT 2013"]
[Source "ChessBase"]
[SourceDate "2012.11.22"]
[SourceVersion "1"]
[SourceVersionDate "2012.11.22"]
[SourceQuality "1"]
[WhiteTeam "Bruehl"]
[BlackTeam "Godesberg III"]
[WhiteTeamCountry "GER"]
[BlackTeamCountry "GER"]

1. e4 g6 2. d4 Bg7 3. Nc3 d6 4. Be3 c6 5. Qd2 Nd7 6. Nf3 h6 7. h3 e5 8. dxe5 dxe5 9. Bc4 Qe7 10. 0-0 Ngf6 11. Rfd1 g5 12. g4 0-0 13. Bd3 Nc5 1/2-1/2

[Event "Mittelrhein-chT 1112"]
[Site "Germany"]
[Date "2012.01.15"]
[Round "7.7"]
[White "Tonnicchi, Claudio"]
[Black "Popielas, Hans"]
[Result "1/2-1/2"]
[WhiteElo "1994"]
[BlackElo "1806"]
[PlyCount "30"]
[EventDate "2011.09.11"]
[EventType "team-tourn"]
[EventRounds "13"]
[EventCountry "GER"]
[SourceTitle "EXT 2013"]
[Source "ChessBase"]
[SourceDate "2012.11.22"]
[SourceVersion "1"]
[SourceVersionDate "2012.11.22"]
[SourceQuality "1"]
[WhiteTeam "Bruehl"]
[BlackTeam "Wuerselen"]
[WhiteTeamCountry "GER"]
[BlackTeamCountry "GER"]

1. f4 d5 2. Nf3 c6 3. e3 g6 4. Be2 Bg4 5. 0-0 Bxf3 6. Bxf3 f5 7. d4 Nf6 8. Nd2 e6 9. b3 Bd6 10. Bb2 Nbd7 11. c4 0-0 12. Rc1 Re8 13. Qe2 Qe7 14. c5 Bc7 15. g3 h5 1/2-1/2

[Event "Leverkusen-ch 15th"]
[Site "Leverkusen"]
[Date "2003.02.17"]
[Round "4"]
[White "Tonnicchi, Claudio"]
[Black "Buettner, Ulrich"]
[Result "1-0"]
[WhiteElo "2018"]
[BlackElo "1842"]
[PlyCount "35"]
[EventDate "2003.01.06"]
[EventType "swiss"]
[EventRounds "9"]
[EventCountry "GER"]
[SourceTitle "EXT 2006"]
[Source "ChessBase"]
[SourceDate "2005.11.24"]
[SourceVersion "1"]
[SourceVersionDate "2005.11.24"]
[SourceQuality "1"]

1. b4 d5 2. Bb2 Bg4 3. Nf3 Bxf3 4. exf3 Nf6 5. Bd3 e6 6. a3 Be7 7. 0-0 0-0 8. Re1 Nbd7 9. f4 c5 10. f5 c4 11. Bf1 Qb6 12. d3 Bc5 13. Qf3 e5 14. Nc3 Bd4 15. dxc4 Ne4 16. Nxd5 Bxf2+ 17. Kh1 Ng5 18. Qe2 1-0